| 000 | 00857nam a22001815i 4500 | ||
|---|---|---|---|
| 001 | 158954 | ||
| 003 | ES-MaACL | ||
| 005 | 20230906211405.0 | ||
| 008 | 030129s1874 sp |||| | spa d | ||
| 040 |
_aCCPB | B _bspa _cCCPB | B |
||
| 100 | 1 |
_aMartínez de Anguiano, Pedro. _977975 |
|
| 245 | 1 | 0 |
_aTratado teórico-práctico de las enfermedades variolosas en el hombre y los animales domésticos precedido de algunas generalidades sobre las epidemias y epizootías / _cpor Pedro Martinez de Anguiano. |
| 260 |
_aZaragoza : _b[s.n.], _c1874 ( _ftipografía de D. José María Magallon) |
||
| 300 |
_a212 p. ; _c21 cm. |
||
| 650 | 4 |
_aViruela. _9136988 |
|
| 852 |
_aES-MaACL _jT-621-F-1 _z-- Enc. hol. _z-- An. ms.: ded. del autor a Manuel Saenz Diez _q-- Falto de la cub. original _z-- Enc. en un vol. facticio |
||
| 852 |
_aES-MaACL _jG-2640 _z-- Enc. hol. |
||
| 999 |
_c158954 _d158954 |
||